| 000 | 00499cam a2200145 4500500 | ||
|---|---|---|---|
| 005 | 20260322005104.0 | ||
| 041 | _afre | ||
| 042 | _adc | ||
| 100 | 1 | 0 |
_aLe Corre, Françoise _eauthor |
| 245 | 0 | 0 | _aXavier Lacroix , Passeurs de vie , Essai sur la paternité. Bayard, 2004, 318 pages, 19,90 € |
| 260 | _c2005. | ||
| 500 | _a7 | ||
| 786 | 0 | _nÉtudes | 402 | 2 | 2005-02-01 | p. XV-XV | 0014-1941 | |
| 856 | 4 | 1 | _uhttps://shs.cairn.info/revue-etudes-2005-2-page-XV?lang=fr&redirect-ssocas=7080 |
| 999 |
_c1745615 _d1745615 |
||